El milenarismo cristiano

Saved in:
書目詳細資料
主要作者: Urzúa, Miguel Rafael (Author)
格式: 圖書
語言:西班牙语
出版: Santiago Talleres Gráficos portales 1940
主題:
標簽: 添加標簽
沒有標簽, 成為第一個標記此記錄!

MARC

LEADER 00000nam a2200000 a 4500
001 UCI2212
003 CL-VaPUC
008 070810e19400000CL |||||||||||||||||spa|d
082 0 4 |a 291.3  |b URZ  |2 21 
100 0 |a Urzúa, Miguel Rafael  |e author  |9 523151 
245 1 3 |a El milenarismo cristiano 
300 |a 32 p 
942 |c BK 
945 |d 20070810 00:00:00  |a rbrito 
260 |a Santiago  |b Talleres Gráficos portales  |c 1940 
650 7 |a MILENARISMO  |2 CL-VaPUC  |9 512662 
650 0 |a Cristianismo  |9 257361 
650 7 |a DOCTRINA RELIGIOSA  |2 CL-VaPUC  |9 333854 
583 |a last modification  |c 20070810 00:00:00  |k Rodrigo Vera 
999 |c 326849  |d 326847 
952 |0 0  |1 0  |4 0  |6 291_300000000000000_URZ_1940  |7 0  |8 P  |9 409025  |a BIBTEO  |b BIBTES  |c TEO_FTES  |d 2019-11-22  |i 2086654  |o 291.3 URZ 1940  |p 2086654  |r 2024-01-18  |w 2019-11-22  |y BK  |k ICR